| 000 | 00427nam a2200133Ia 4500 | ||
|---|---|---|---|
| 005 | 20260328101452.0 | ||
| 008 | 260328s9999||||xx |||||||||||||| ||und|| | ||
| 100 | _aOtero, Wilson Augusto | ||
| 245 | 0 |
_aGuía Simplificada para la Elaboración del Plan de Ordenamiento Territorial Municipal / _cWilson Augusto Otero |
|
| 260 | _bInstituto Geográfico Agustín Codazzi | ||
| 300 | _a79 p. | ||
| 650 | _aDISEÑO URBANO | ||
| 942 | _cBK | ||
| 999 |
_c8713 _d8713 |
||